|
|
|
|
| LEADER |
01086nam a2200301 a 4500 |
| 001 |
000002324 |
| 003 |
00091 |
| 005 |
20171229145311.0 |
| 008 |
171229s2002 vie |
| 040 |
|
|
|a LSK
|
| 041 |
0 |
|
|a VIE
|
| 082 |
0 |
|
|a 333
|b Bô-K
|
| 100 |
1 |
|
|a Bộ kế hoạch và đầu tư viện chiến lược phát triển
|
| 245 |
0 |
0 |
|a Một số vấn đề lý luận, phương pháp luận, phương pháp xây dựng chiến lược và quy hoạch phát triển kinh tế Việt Nam
|
| 260 |
|
|
|b Chính trị quốc gia
|c 2002
|
| 300 |
|
|
|a 504 pages
|c 26 cm
|
| 852 |
|
|
|a Phòng Đọc
|
| 901 |
|
|
|a 1
|
| 927 |
|
|
|a Sách tham khảo
|
| OWN |
|
|
|a LSK
|
| AVA |
|
|
|a UDN50
|b LSK
|d 333 Bô-K
|e available
|t Error 5001 Not defined in file expand_doc_bib_avail.
|f 1
|g 0
|h N
|i 0
|k 1
|
| 999 |
|
|
|a From the UDN01
|
| AVA |
|
|
|a UDN50
|b LSK
|d 333 Bô-K
|e available
|t Error 5001 Not defined in file expand_doc_bib_avail.
|f 1
|g 0
|h N
|i 0
|k 1
|
| TYP |
|
|
|a Monograph
|
| TYP |
|
|
|a Printed language
|
| 980 |
|
|
|a Mạng thư viện Đại học Đà Nẵng
|